000 00443nam a2200169Ia 4500
008 230711s9999||||xx |||||||||||||| ||und||
041 _aENG
082 _a5
_bMU-V
100 _aPappas,Chris H.
245 0 _aVisual C++.net : the complete reference
250 _a1st . Ed.
260 _c2006
_aNew Delhi
_bTata McGraw Hill Education Limited
300 _a1073
650 _aComputer Engineering
700 _aMurray,William H.
942 _cBK
999 _c4604
_d4604